[Event "Deutsche Ländermeisterschaft 2013"]
[Site "Hannover GER"]
[Date "2013.10.06"]
[Round "7"]
[White "Edel, Fenja"]
[Black "Krüger, David"]
[Result "0-1"]
[Termination "normal"]
[Board "8.5"]
[WhiteTitle "16w"]
[BlackTitle "14"]
[WhiteElo "1636"]
[BlackElo "1796"]
[WhiteTeam "Team Nord"]
[BlackTeam "Hamburg"]
[WhiteFideId "24696749"]
[BlackFideId "12921858"]
[EventCountry "GER"]
[EventRounds "7"]
[EventType "team-swiss"]
[EventDate "2013.10.02"]

1. e4 e5 2. Nc3 Nf6 3. Bc4 Nxe4 4. Qh5 Nd6 5. Qxe5+ Qe7 6. Qxe7+ Bxe7 7. Bb3
Nf5 8. Nf3 c6 9. O-O d5 10. d4 f6 11. Bf4 g5 12. Bxb8 Rxb8 13. Ne2 Be6 14. c3
h5 15. Bc2 Nd6 16. Rfe1 Kd7 17. Rad1 Rbg8 18. Nc1 Rh6 19. Nb3 b6 20. Re2 Bg4
21. Nbd2 Bf5 22. Nb3 h4 23. Bxf5+ Nxf5 24. Rde1 Rg7 25. Nc1 Rh8 26. Nd3 Rhg8
27. Nc1 Bd6 28. Re6 Rg6 29. R6e2 a5 30. a4 Ng7 31. Nd2 Nh5 32. Nd3 Ng7 33. Nc1
Nf5 34. Nd3 Nh6 35. f3 Nf5 36. Nc1 Rh8 37. Nd3 Rgh6 38. Nc1 h3 39. g4 Nh4 40.
Rf1 Ng2 41. Nd3 R6h7 42. Ne1 Nf4 43. Re3 Re8 44. Nc2 Ng2 45. Rxe8 Kxe8 46. Ne1
Nf4 47. Nc2 Nd3 48. b3 Re7 49. Rd1 Re2 50. Na1 Bxh2+ 51. Kf1 0-1

[Event "Deutsche Ländermeisterschaft 2013"]
[Site "Hannover GER"]
[Date "2013.10.06"]
[Round "7"]
[White "Brandt, Carina"]
[Black "Biastoch, Bennet"]
[Result "1/2-1/2"]
[Termination "normal"]
[Board "8.6"]
[WhiteTitle "20w"]
[BlackTitle "12"]
[WhiteElo "1886"]
[BlackElo "1643"]
[WhiteTeam "Hamburg"]
[BlackTeam "Team Nord"]
[WhiteFideId "12917940"]
[BlackFideId "12939889"]
[EventCountry "GER"]
[EventRounds "7"]
[EventType "team-swiss"]
[EventDate "2013.10.02"]

1. d4 Nf6 2. c4 g6 3. Nc3 Bg7 4. e4 d6 5. Be2 O-O 6. Nf3 e5 7. O-O Nc6 8. d5
Ne7 9. Ne1 Nd7 10. Be3 f5 11. f3 f4 12. Bf2 g5 13. g4 fxg3 14. hxg3 Ng6 15. Be3
h6 16. Nd3 Nf6 17. c5 Nh5 18. Kg2 Bd7 19. Rh1 Nf6 20. Qb3 b6 21. cxd6 cxd6 22.
Nb4 Rf7 23. Rac1 Qe8 24. Nc2 Qf8 25. Na3 g4 26. Ncb5 gxf3+ 27. Bxf3 Ng4 28. Bd2
Nf6 29. Bb4 Ne8 30. Rc2 Kh8 31. Rf2 a6 32. Nxd6 Nxd6 33. Nc4 Rf6 34. Nxd6 a5
35. Ba3 Rxd6 36. Bh5 Qb8 37. Bxd6 Qxd6 38. Rf7 Be8 39. Rb7 Rb8 40. Rxb8 Qxb8
41. Qe3 Qd6 42. Bg4 Kg8 43. Rf1 Bf8 44. Be6+ Kg7 45. Qf3 Be7 46. Qg4 Qb4 47.
Rf5 Qxb2+ 48. Kh3 Qxa2 49. Qf3 Qa3 50. Rf7+ Kh8 51. Qxa3 Bxa3 52. Rb7 Nf8 53.
Bf5 Bc5 54. Rb8 Bf7 55. Rd8 1/2-1/2

[Event "Deutsche Ländermeisterschaft 2013"]
[Site "Hannover GER"]
[Date "2013.10.06"]
[Round "7"]
[White "Sauer, Annika"]
[Black "Meyling, Lennart"]
[Result "0-1"]
[Termination "normal"]
[Board "8.7"]
[WhiteTitle "14w"]
[BlackTitle "12"]
[WhiteElo "1526"]
[BlackElo "1731"]
[WhiteTeam "Team Nord"]
[BlackTeam "Hamburg"]
[WhiteFideId "12952052"]
[BlackFideId "12947130"]
[EventCountry "GER"]
[EventRounds "7"]
[EventType "team-swiss"]
[EventDate "2013.10.02"]

1. d4 Nf6 2. c4 g6 3. Bf4 Bg7 4. Nc3 O-O 5. Nf3 d6 6. e3 Re8 7. Be2 Bd7 8. O-O
h6 9. h3 Na6 10. Qb3 Rb8 11. Rfe1 Nh5 12. Bh2 c5 13. d5 Nc7 14. e4 e5 15. Bd3
Qf6 16. Rab1 Bxh3 17. gxh3 Qxf3 18. Re3 Qf6 19. Be2 Nf4 20. Kh1 Nxe2 21. Rxe2
Qf3+ 22. Kg1 Qxh3 23. Re3 Qh4 24. Bg3 Qg4 25. Kh2 h5 26. f3 Qg5 27. Ne2 Bh6 28.
f4 exf4 29. Nxf4 h4 30. Ng2 hxg3+ 31. Rxg3 Qh5+ 32. Kg1 Qe5 33. Re1 Qd4+ 34.
Kh1 Rxe4 35. Rd1 Qe5 36. Rg1 Rxc4 0-1

[Event "Deutsche Ländermeisterschaft 2013"]
[Site "Hannover GER"]
[Date "2013.10.06"]
[Round "7"]
[White "Münch, Michelle"]
[Black "Brunner, Sophia"]
[Result "0-1"]
[Termination "normal"]
[Board "8.8"]
[WhiteTitle "12w"]
[BlackTitle "12w"]
[WhiteElo "915"]
[BlackElo "1325"]
[WhiteTeam "Hamburg"]
[BlackTeam "Team Nord"]
[BlackFideId "12960683"]
[EventCountry "GER"]
[EventRounds "7"]
[EventType "team-swiss"]
[EventDate "2013.10.02"]

1. e4 c6 2. Nf3 d5 3. Ne5 Nf6 4. Be2 Nxe4 5. O-O Nf6 6. c4 Bf5 7. Nc3 e6 8. Bh5
Nxh5 9. Qxh5 Qe7 10. d3 Nd7 11. d4 Nxe5 12. Bg5 Qc7 13. dxe5 Bg6 14. Qf3 Be7
15. Bf4 O-O 16. cxd5 cxd5 17. Nb5 Qb6 18. a4 a6 19. Be3 Bc5 20. a5 Qxb5 21. Qh3
Bxe3 22. fxe3 Rac8 23. e4 Qxb2 24. Qh4 Qd4+ 25. Kh1 Qxe4 26. Rf4 Qc2 27. h3 Qb2
28. Rff1 Qxe5 29. Qf4 Qxf4 30. Rxf4 Rc4 31. Rf3 Rfc8 32. Rb3 Rc1+ 33. Rxc1
Rxc1+ 34. Kh2 Rc7 35. Rb4 h6 36. Rb6 Be4 37. g4 d4 38. Kg1 Rc2 39. h4 d3 40.
Kf1 d2 41. Ke2 Bf3+ 42. Kxf3 d1=Q+ 43. Kf4 Qd4+ 44. Kf3 Rc3+ 45. Kg2 Qd2+ 46.
Kf1 Rc1# 0-1

[Event "Deutsche Ländermeisterschaft 2013"]
[Site "Hannover GER"]
[Date "2013.10.06"]
[Round "7"]
[White "Zimmermann, Ulrich"]
[Black "Schreiber, Kevin"]
[Result "1/2-1/2"]
[Termination "normal"]
[Board "9.1"]
[WhiteTitle "20"]
[BlackTitle "18"]
[WhiteElo "2271"]
[BlackElo "1914"]
[WhiteTeam "Württemberg"]
[BlackTeam "Mecklenburg-Vorpommern"]
[WhiteFideId "24654523"]
[BlackFideId "24655830"]
[EventCountry "GER"]
[EventRounds "7"]
[EventType "team-swiss"]
[EventDate "2013.10.02"]

1. e4 d5 2. exd5 Qxd5 3. Nc3 Qd6 4. d4 Nf6 5. Bg5 c6 6. Qd2 Bf5 7. O-O-O e6 8.
Nge2 Nbd7 9. Bf4 Qb4 10. Bc7 Nb6 11. Ng3 Bg6 12. f4 Na4 13. Nxa4 Qxa4 14. f5
Qxa2 15. c3 exf5 16. Bd3 Ne4 17. Nxe4 fxe4 18. Qe2 Kd7 19. Bb1 Qd5 20. Bf4 Bd6
21. Bxd6 Qxd6 22. d5 cxd5 23. Ba2 Qf4+ 24. Kb1 Rad8 25. Bxd5 Kc8 26. Bxb7+ Kxb7
27. Qb5+ 1/2-1/2

[Event "Deutsche Ländermeisterschaft 2013"]
[Site "Hannover GER"]
[Date "2013.10.06"]
[Round "7"]
[White "Ispirjan, Mikael"]
[Black "Gibicar, Danijel"]
[Result "0-1"]
[Termination "normal"]
[Board "9.2"]
[WhiteTitle "18"]
[BlackTitle "18"]
[WhiteElo "1964"]
[BlackElo "2149"]
[WhiteTeam "Mecklenburg-Vorpommern"]
[BlackTeam "Württemberg"]
[WhiteFideId "1271217"]
[BlackFideId "24660256"]
[EventCountry "GER"]
[EventRounds "7"]
[EventType "team-swiss"]
[EventDate "2013.10.02"]

1. e4 e6 2. d4 d5 3. Nc3 Bb4 4. e5 c5 5. a3 Bxc3+ 6. bxc3 Ne7 7. Qg4 O-O 8. Bd3
f5 9. exf6 Rxf6 10. Qh4 h6 11. g4 Qa5 12. Bd2 c4 13. g5 Rf7 14. gxh6 cxd3 15.
Nh3 gxh6 16. Qxh6 Rg7 17. Nf4 Nf5 18. Qh5 Qd8 19. Ng6 Rh7 20. Qg4 Ng7 21. Ne5
Nc6 22. Nf3 e5 23. Qg6 Bf5 24. Qg3 Rh3 25. Qg2 Rxf3 26. Rg1 Bg4 27. Qxg4 Rf7
28. h4 exd4 29. Kf1 Qf6 30. Rg2 Ne5 31. Qg3 Nf3 32. Bg5 Qa6 0-1

[Event "Deutsche Ländermeisterschaft 2013"]
[Site "Hannover GER"]
[Date "2013.10.06"]
[Round "7"]
[White "Walter, Kevin"]
[Black "Siegert, Gregor"]
[Result "1-0"]
[Termination "normal"]
[Board "9.3"]
[WhiteTitle "16"]
[BlackTitle "16"]
[WhiteElo "1939"]
[BlackElo "1826"]
[WhiteTeam "Württemberg"]
[BlackTeam "Mecklenburg-Vorpommern"]
[WhiteFideId "12906654"]
[BlackFideId "1271250"]
[EventCountry "GER"]
[EventRounds "7"]
[EventType "team-swiss"]
[EventDate "2013.10.02"]

1. e4 c5 2. Nf3 e6 3. d4 cxd4 4. Nxd4 a6 5. Bd3 Nf6 6. O-O Qc7 7. Qe2 d6 8. c4
Nbd7 9. Nc3 g6 10. Rd1 Bg7 11. Nf3 O-O 12. h3 Rd8 13. Be3 b6 14. Rac1 Bb7 15.
b4 Rac8 16. Nd2 Qb8 17. Nb3 Qa8 18. f3 Re8 19. Qf2 d5 20. exd5 exd5 21. cxd5
Rxc3 22. Rxc3 Nxd5 23. Rcc1 Rxe3 24. Be4 N7f6 25. Bxd5 Nxd5 26. Rxd5 Rxb3 27.
Rd7 Bc6 28. Rd6 Rxb4 29. Qd2 Rd4 30. Rxd4 Bxd4+ 31. Qxd4 Qb7 32. Qf6 Bd5 33.
Qd8+ Kg7 34. Rc7 Qa8 35. Qxa8 Bxa8 36. Ra7 Bd5 37. Rxa6 b5 38. a3 Bc4 39. Kf2
h5 40. h4 Kf8 41. g3 Ke7 42. Ke3 Kd7 43. f4 Kc7 44. Kd4 Kb7 45. Rd6 1-0

[Event "Deutsche Ländermeisterschaft 2013"]
[Site "Hannover GER"]
[Date "2013.10.06"]
[Round "7"]
[White "Schmekel, Florian"]
[Black "Schmidt, Tobias"]
[Result "1/2-1/2"]
[Termination "normal"]
[Board "9.4"]
[WhiteTitle "14"]
[BlackTitle "14"]
[WhiteElo "1714"]
[BlackElo "1932"]
[WhiteTeam "Mecklenburg-Vorpommern"]
[BlackTeam "Württemberg"]
[WhiteFideId "12913456"]
[BlackFideId "1271683"]
[EventCountry "GER"]
[EventRounds "7"]
[EventType "team-swiss"]
[EventDate "2013.10.02"]

1. d4 d5 2. c4 dxc4 3. e4 Nc6 4. d5 Ne5 5. Nc3 Nf6 6. Bf4 Ng6 7. Bg3 e5 8. Bxc4
a6 9. Be2 Bd6 10. Nf3 O-O 11. Nd2 Ne8 12. Bg4 f5 13. exf5 Nh4 14. O-O Nxf5 15.
Bxf5 Rxf5 16. Re1 Nf6 17. Nf3 e4 18. Nxe4 Nxe4 19. Rxe4 Bxg3 20. hxg3 b5 21.
Rc1 Bb7 22. Qc2 Qxd5 1/2-1/2

[Event "Deutsche Ländermeisterschaft 2013"]
[Site "Hannover GER"]
[Date "2013.10.06"]
[Round "7"]
[White "Gaßmann, Linda"]
[Black "Schumann, Rabea"]
[Result "1/2-1/2"]
[Termination "normal"]
[Board "9.5"]
[WhiteTitle "16w"]
[BlackTitle "14w"]
[WhiteElo "1810"]
[BlackElo "1562"]
[WhiteTeam "Württemberg"]
[BlackTeam "Mecklenburg-Vorpommern"]
[WhiteFideId "12900451"]
[BlackFideId "12918199"]
[EventCountry "GER"]
[EventRounds "7"]
[EventType "team-swiss"]
[EventDate "2013.10.02"]

1. d4 Nf6 2. c4 c5 3. Nf3 cxd4 4. Nxd4 Nc6 5. e3 g6 6. Nc3 Bg7 7. Be2 d6 8. Bf3
Bd7 9. O-O O-O 10. Qe2 Rc8 11. b3 Nxd4 12. exd4 Bc6 13. Bb2 d5 14. Nxd5 Nxd5
15. Bxd5 Bxd5 16. cxd5 Qxd5 17. Qxe7 Rfe8 18. Qb4 Re4 19. Rac1 Rce8 20. Rc7
Bxd4 21. Bxd4 Qxd4 22. Qxd4 Rxd4 23. Rxb7 a5 24. a3 a4 25. g3 Rd3 26. Rb1 Ra8
27. bxa4 Rxa4 28. Rc7 Raxa3 29. Rbb7 Rf3 30. Kg2 Kg7 31. h4 Rad3 32. Rc8 Rb3
33. Ra7 Ra3 34. Rcc7 Rxa7 35. Rxa7 Rf6 36. g4 h6 37. Kg3 g5 38. hxg5 hxg5 39.
Ra5 Kg6 40. f3 Rf4 1/2-1/2

[Event "Deutsche Ländermeisterschaft 2013"]
[Site "Hannover GER"]
[Date "2013.10.06"]
[Round "7"]
[White "Schamber, Dennis"]
[Black "Weber, Sandra"]
[Result "1/2-1/2"]
[Termination "normal"]
[Board "9.6"]
[WhiteTitle "12"]
[BlackTitle "16w"]
[WhiteElo "1544"]
[BlackElo "1782"]
[WhiteTeam "Mecklenburg-Vorpommern"]
[BlackTeam "Württemberg"]
[WhiteFideId "12952176"]
[BlackFideId "1270049"]
[EventCountry "GER"]
[EventRounds "7"]
[EventType "team-swiss"]
[EventDate "2013.10.02"]

1. e4 c5 2. Nf3 Nc6 3. d4 cxd4 4. Nxd4 g6 5. Nc3 Bg7 6. Be3 Nf6 7. Bc4 Qa5 8.
O-O O-O 9. h3 Qb4 10. Bb3 Nxe4 11. Nxe4 Nxd4 12. Bxd4 Qxd4 13. Qxd4 Bxd4 14. c3
Bg7 15. Rfe1 d6 16. Ng5 Bf6 17. Ne4 Be5 18. Ng5 e6 19. Rad1 Bf4 20. Nf3 d5 21.
g3 Bh6 22. Nd4 Bd7 23. h4 Bg7 24. Nf3 Bc6 25. Bc2 Rfe8 26. Ne5 Rad8 27. Nxc6
bxc6 28. Ba4 Rc8 29. Re2 Red8 30. Red2 c5 31. Kg2 d4 32. cxd4 cxd4 33. g4 Rc7
34. b3 Rdc8 35. Bb5 Kf8 36. Ba6 Rd8 37. Bc4 e5 38. f3 f5 39. Bd3 fxg4 40. fxg4
Rf7 41. Rf2 Rdd7 42. Rdf1 Rxf2+ 43. Rxf2+ Ke7 44. Kf3 Kd6 45. Rc2 Rf7+ 46. Kg3
Re7 47. Be4 Rd7 48. Kf3 Rc7 49. Rxc7 Kxc7 50. Bd3 Kd6 51. Ke4 Kc5 52. Bc4 Kb4
53. a4 Kc3 54. a5 Bh8 55. h5 gxh5 56. gxh5 h6 57. a6 Bg7 58. Bd3 Kxb3 59. Kf3
Kc3 60. Ke2 Bf6 61. Be4 Bg5 62. Bd3 Kb4 63. Kf3 Kc5 64. Ke4 Bf4 65. Kf3 Kd5
1/2-1/2

[Event "Deutsche Ländermeisterschaft 2013"]
[Site "Hannover GER"]
[Date "2013.10.06"]
[Round "7"]
[White "Degenhard, Simon"]
[Black "Wagner, Swenja"]
[Result "1-0"]
[Termination "normal"]
[Board "9.7"]
[WhiteTitle "12"]
[BlackTitle "16w"]
[WhiteElo "1713"]
[BlackElo "1376"]
[WhiteTeam "Württemberg"]
[BlackTeam "Mecklenburg-Vorpommern"]
[WhiteFideId "12944017"]
[BlackFideId "12900494"]
[EventCountry "GER"]
[EventRounds "7"]
[EventType "team-swiss"]
[EventDate "2013.10.02"]

1. e4 e5 2. Nf3 Nc6 3. Bb5 a6 4. Ba4 d6 5. O-O Bd7 6. c3 Nf6 7. Re1 Be7 8. d3
O-O 9. Nbd2 Re8 10. Nf1 b5 11. Bb3 Bg4 12. h3 Be6 13. Bc2 Na5 14. Ne3 c5 15. a4
Nc6 16. Ng5 Rf8 17. Qf3 Bd7 18. Qd1 h6 19. Nf3 Be6 20. Bb3 Qc7 21. Bxe6 fxe6
22. axb5 axb5 23. Rxa8 Rxa8 24. Qb3 b4 25. Qxe6+ Kh8 26. Nf5 Rf8 27. N3h4 Kh7
28. Re3 d5 29. exd5 Nd8 30. Qxe7 Qxe7 31. Nxe7 Rf7 32. Rxe5 Nd7 33. Re2 Nb7 34.
cxb4 cxb4 35. Bd2 b3 36. Nc6 Ndc5 37. d4 Nd3 38. Ne5 Nxe5 39. dxe5 1-0

[Event "Deutsche Ländermeisterschaft 2013"]
[Site "Hannover GER"]
[Date "2013.10.06"]
[Round "7"]
[White "Eulitz, Charlotte"]
[Black "Mütsch, Annmarie"]
[Result "0-1"]
[Termination "normal"]
[Board "9.8"]
[WhiteTitle "12w"]
[BlackTitle "12w"]
[WhiteElo "1056"]
[BlackElo "1360"]
[WhiteTeam "Mecklenburg-Vorpommern"]
[BlackTeam "Württemberg"]
[WhiteFideId "12964654"]
[BlackFideId "12971367"]
[EventCountry "GER"]
[EventRounds "7"]
[EventType "team-swiss"]
[EventDate "2013.10.02"]

1. e4 e5 2. Nf3 Nc6 3. Bc4 d6 4. c3 Nf6 5. d3 Bg4 6. Bg5 Be7 7. Nbd2 Qd7 8. Qc2
a6 9. O-O O-O 10. Bxf6 Bxf6 11. Rfe1 Na5 12. Bb3 Nxb3 13. Qxb3 c6 14. d4 exd4
15. cxd4 g6 16. Rac1 Rfe8 17. Rc2 Rab8 18. Qa3 Bg7 19. e5 dxe5 20. dxe5 Bf5 21.
Ne4 Bxe5 22. Nxe5 Rxe5 23. Kf1 Bxe4 24. Ree2 Qd3 25. Qa4 Bxg2+ 26. Kxg2 Rxe2
27. Rxe2 Qxe2 28. Qf4 Re8 29. Qg3 h5 30. h4 Qg4 31. Qxg4 hxg4 32. Kg3 f5 33.
Kf4 Kg7 34. f3 Rh8 35. fxg4 Rxh4 0-1